La Princesa Brambilla / (Record no. 80625)
[ view plain ]
| 000 -LEADER | |
|---|---|
| campo de control de longitud fija | 00630nam a2200193 i 4500 |
| 001 - NÚMERO DE CONTROL | |
| campo de control | 80625 |
| 003 - IDENTIFICADOR DE NÚMERO DE CONTROL | |
| campo de control | ES-MaACL |
| 005 - FECHA Y HORA DE LA ÚLTIMA TRANSACCIÓN | |
| campo de control | 20260318063016.0 |
| 007 - CAMPO FIJO DE DESCRIPCIÓN FÍSICA--INFORMACIÓN GENERAL | |
| campo de control de longitud fija | t| |
| 008 - DATOS DE LONGITUD FIJA--INFORMACIÓN GENERAL | |
| campo de control de longitud fija | 041028s1972 sp ||||1| spa d |
| 100 1# - ENTRADA PRINCIPAL--NOMBRE DE PERSONA | |
| Nombre de persona | Hoffmann, Ernst T. A. |
| Fechas asociadas al nombre | 1776-1822 |
| 9 (RLIN) | 242917 |
| 245 13 - MENCIÓN DEL TÍTULO | |
| Título | La Princesa Brambilla / |
| Mención de responsabilidad, etc. | E.T.A. Hoffmann ; [traducción, Manuel P. del Río-Cossa]. |
| 260 ## - PUBLICACIÓN, DISTRIBUCIÓN, ETC. | |
| Lugar de publicación, distribución, etc. | [Madrid : |
| Nombre del editor, distribuidor, etc. | Mauricio d'Ors, |
| Fecha de publicación, distribución, etc. | 1972] |
| 490 1# - MENCIÓN DE SERIE | |
| Mención de serie | La fontana literaria ; |
| Designación de volumen o secuencia | 11 |
| 700 1# - ENTRADA AGREGADA--NOMBRE PERSONAL | |
| Nombre de persona | Río-Cossa, Manuel P. del. |
| 9 (RLIN) | 97319 |
| 830 0# - PUNTO DE ACCESO ADICIONAL DE SERIE-TÍTULO UNIFORME | |
| Título uniforme | La fontana literaria ; |
| Designación de volumen o secuencia | 11 |
| 9 (RLIN) | 182334 |
| 852 ## - LOCALIZACIÓN | |
| Ubicación | ES-MaACL |
| Número de control de estantería | C-53576 |
| Sublocalización o colección | R.85175 |
| Estatus retirado | Estado de pérdida | Estado de daño | No para préstamo | Biblioteca de origen | Biblioteca actual | Ubicación en estantería | Fecha de adquisición | Fuente de adquisición | Total de préstamos | Signatura topográfica completa | Código de barras | Visto por última vez | Precio de reemplazo | Tipo de ítem Koha |
|---|---|---|---|---|---|---|---|---|---|---|---|---|---|---|
| Biblioteca del Ateneo de Madrid | Biblioteca del Ateneo de Madrid | Depósito 2 | 17/01/2008 | C-53576 | 1084292 | 23/02/2023 | 23/02/2023 | Libro impreso |
